[Event "ROM-chT (Women)"]
[Site "Brasov"]
[Date "2011.10.15"]
[Round "8.1"]
[White "Plass, Mariana Camelia"]
[Black "Vintila, Maria Aurora"]
[Result "1/2-1/2"]
[WhiteElo "2151"]
[BlackElo "1781"]
[PlyCount "53"]
[EventDate "2011.10.08"]
[EventType "team-tourn"]
[EventRounds "9"]
[EventCountry "ROU"]
[SourceTitle "CBM 144 Extra"]
[Source "ChessBase"]
[SourceDate "2011.10.28"]
[SourceVersion "1"]
[SourceVersionDate "2011.10.28"]
[SourceQuality "1"]
[WhiteTeam "Bucharest Siciliana (W)"]
[BlackTeam "Arad (W)"]
[WhiteTeamCountry "ROU"]
[BlackTeamCountry "ROU"]

1. d4 g6 2. c4 Bg7 3. e4 c5 4. d5 d6 5. Bd3 Nd7 6. Nf3 Ne5 7. Nxe5 Bxe5 8. 0-0 Bg7 9. Qc2 Nh6 10. Bd2 0-0 11. Bc3 f5 12. Bxg7 Kxg7 13. Qc3+ Kg8 14. e5 e6 15. f4 Nf7 16. Re1 Re8 17. dxe6 Bxe6 18. Nd2 dxe5 19. fxe5 Qd7 20. Nf3 Rad8 21. Rad1 Qa4 22. b3 Qa6 23. a4 b6 24. Bc2 Qb7 25. Qe3 Qe7 26. h4 Kg7 27. Qf4 1/2-1/2

[Event "ROM-chT (Women)"]
[Site "Brasov"]
[Date "2011.10.13"]
[Round "6.1"]
[White "Visanescu, Daria Ioana"]
[Black "Vintila, Maria Aurora"]
[Result "1/2-1/2"]
[WhiteElo "2010"]
[BlackElo "1781"]
[PlyCount "101"]
[EventDate "2011.10.08"]
[EventType "team-tourn"]
[EventRounds "9"]
[EventCountry "ROU"]
[SourceTitle "CBM 144 Extra"]
[Source "ChessBase"]
[SourceDate "2011.10.28"]
[SourceVersion "1"]
[SourceVersionDate "2011.10.28"]
[SourceQuality "1"]
[WhiteTeam "Timisoara Medicina (W)"]
[BlackTeam "Arad (W)"]
[WhiteTeamCountry "ROU"]
[BlackTeamCountry "ROU"]

1. e4 c5 2. c3 d6 3. d4 cxd4 4. cxd4 e5 5. Nf3 Nd7 6. Bc4 Be7 7. Qb3 Qb6 8. Bxf7+ Kf8 9. Qxb6 Nxb6 10. Bxg8 Rxg8 11. dxe5 dxe5 12. Nxe5 Bf6 13. Nd3 Be6 14. e5 Be7 15. Nc3 Bc4 16. Nf4 Nd7 17. e6 Nc5 18. Be3 Nxe6 19. Nxe6+ Bxe6 20. 0-0 a6 21. Rad1 Kf7 22. Rfe1 Rgd8 23. Bb6 Rxd1 24. Rxd1 Rc8 25. h3 Rc6 26. Be3 h6 27. Bf4 Bf6 28. Ne4 Kg6 29. b3 Kf5 30. Nxf6 Kxf6 31. Rd2 Bf5 32. a3 Rc1+ 33. Kh2 Rc2 34. Rd6+ Be6 35. Be3 Rc7 36. b4 Rc6 37. Rd3 Rc7 38. g4 Rd7 39. Bd4+ Kg6 40. Kg3 Bc4 41. Rd2 Bb5 42. f4 Kf7 43. f5 Bc6 44. h4 Bb5 45. Kf4 Bc6 46. g5 hxg5+ 47. hxg5 g6 48. f6 Rd5 49. Rd3 Rf5+ 50. Kg4 Rd5 51. Rd2 1/2-1/2

[Event "ROM-chT (Women)"]
[Site "Brasov"]
[Date "2011.10.11"]
[Round "4.1"]
[White "Craciun, Paula Iulia"]
[Black "Vintila, Maria Aurora"]
[Result "1-0"]
[WhiteElo "2138"]
[BlackElo "1781"]
[PlyCount "79"]
[EventDate "2011.10.08"]
[EventType "team-tourn"]
[EventRounds "9"]
[EventCountry "ROU"]
[SourceTitle "CBM 144 Extra"]
[Source "ChessBase"]
[SourceDate "2011.10.28"]
[SourceVersion "1"]
[SourceVersionDate "2011.10.28"]
[SourceQuality "1"]
[WhiteTeam "Lugoj (W)"]
[BlackTeam "Arad (W)"]
[WhiteTeamCountry "ROU"]
[BlackTeamCountry "ROU"]

1. e4 c5 2. Nf3 d6 3. Bb5+ Bd7 4. Bxd7+ Nxd7 5. c4 g6 6. Nc3 Bg7 7. d4 cxd4 8. Nxd4 Ne5 9. 0-0 Nf6 10. f4 Nc6 11. Be3 0-0 12. h3 Nd7 13. Nde2 Nc5 14. f5 Ne5 15. b3 Ned7 16. Rc1 a6 17. b4 Nxe4 18. Nxe4 a5 19. b5 Rc8 20. N2g3 Be5 21. Bf4 Qb6+ 22. Kh2 Bg7 23. Qd2 Ne5 24. Be3 Qd8 25. Qe2 b6 26. Bg5 Qd7 27. f6 exf6 28. Nxf6+ Bxf6 29. Bxf6 Qe6 30. Qd2 Nd7 31. Ba1 Rxc4 32. Rxc4 Qxc4 33. Qxd6 Qe6 34. Rd1 Nc5 35. Qf4 f6 36. Rd6 Qxa2 37. Rxf6 Rd8 38. Qe5 Rd2 39. Qe8+ Kg7 40. Qf8# 1-0